10 Countries in Europe with the biggest road network size - Statistics

General Stats
  • This quiz has been taken 21 times
  • The average score is 9 of 10
Answer Stats
Length Paved(%) Unpaved(%) Answer % Correct
~1,053,200 100 0 France
100%
~487,700 100 0 Italy
100%
~683,200 100 0 Spain
100%
~573,100 24 76 Sweden
100%
~830,000 100 0 Germany
95%
~424,100 100 0 United Kingdom
95%
~429,800 68 32 Poland
90%
~454,000 17? 77? Finland
80%
~169,700 98 2 Ukraine
75%
~210,800 37 60? Hungary
45%
No matching quizzes found
Score Distribution
Percent of People with Each Score
Percentile by Number Answered
Your Score History
You have not taken this quiz